[Event "27th CRO-chT 1A-Men 2018"]
[Site "Biograd"]
[Date "2018.09.15"]
[Round "8.28"]
[White "Plenkovic, Zdenko"]
[Black "Bender, Ivan"]
[Result "1-0"]
[WhiteElo "2418"]
[BlackElo "2261"]
[Annotator "TA"]
[PlyCount "89"]
[EventDate "2018.09.08"]
[EventType "team-tourn"]
[EventCountry "CRO"]
[SourceTitle "playchess.com"]
[Source "ChessBase"]
[SourceQuality "1"]

{[%evp 10,89,0,-23,5,-2,0,0,25,26,29,27,27,10,36,11,29,27,17,6,43,29,41,35,65,66,94,83,97,100,97,94,96,102,149,159,219,208,204,181,299,297,311,306,300,292,302,304,312,303,313,312,328,334,306,303,327,312,337,347,361,336,358,358,363,365,368,354,353,354,352,347,349,329,338,334,1658,1530,2202,1659,4727,3185]} 1. e4 e5 2. Nf3 Nc6 3. d3 Nf6 4. Be2 Be7 5. O-O O-O 6. c3 Re8 {C44: Ponziani Opening and Scotch Gambit} 7. b4 a6 8. Nbd2 Bf8 {The position is equal.} 9. Re1 d5 10. a3 Bg4 11. Bb2 Qd7 12. h3 Bh5 13. Qc2 h6 $146 ({Predecessor:} 13... Rad8 14. Rad1 Qc8 15. Nf1 {1-0 (38) Strikovic,A (2570)-Siebrecht,S (2435) Agueimes 2011}) 14. Nf1 g5 15. N3h2 {[%cal Bf3h2,Bh2g4,Bg4e3,Be3c4,Bc4a5,Ba5c6][%mdl 32]} Bg6 {[%cal Rd5e4]} 16. Ng4 $36 {[%mdl 2048] White has the initiative.} Bg7 17. Ng3 Nh7 18. Ne3 Ne7 19. Bg4 Qc6 20. Bf3 {[%cal Re4d5]} d4 21. Nc4 b5 22. Na5 Qb6 (22... Qd6 $16 23. cxd4 exd4) 23. cxd4 $18 exd4 24. Rac1 Be5 {[#]} (24... Rab8 $142 25. Qxc7 Nf8 26. Qxb6 Rxb6) 25. Nf5 $1 {[%mdl 512]} h5 (25... Nxf5 26. exf5) 26. Nxe7+ Rxe7 27. Nc6 Ree8 28. Nxe5 Rxe5 29. Qxc7 Qxc7 30. Rxc7 Ree8 31. Rec1 Nf8 32. Bxd4 Ne6 33. Rd7 Nxd4 34. Rxd4 Rac8 35. Rxc8 Rxc8 {[%mdl 4096] Endgame KRB-KRB} 36. Rd6 Rc1+ 37. Kh2 Rc3 38. Rxa6 Rxd3 39. Be2 Rd2 40. Bxb5 Bxe4 {[#]} 41. Bc6 $1 {[%cal Rc6e4]} Bxc6 42. Rxc6 Rxf2 $2 (42... Ra2 43. Rc3 Kf8) 43. b5 {[%cal Bb4b5,Bb5b6][%mdl 32] White is clearly winning.} Rb2 44. b6 Kf8 45. a4 {Precision: White = 82%, Black = 41%.} 1-0

[Event "27th CRO-chT 1A-Men 2018"]
[Site "Biograd"]
[Date "2018.09.15"]
[Round "8.29"]
[White "Brnas, Augustin"]
[Black "Loncar, Robert"]
[Result "0-1"]
[WhiteElo "2190"]
[BlackElo "2409"]
[Annotator "NA"]
[PlyCount "57"]
[EventDate "2018.09.08"]
[EventType "team-tourn"]
[EventCountry "CRO"]
[SourceTitle "playchess.com"]
[Source "ChessBase"]
[SourceQuality "1"]
[TimeControl "40/5400+30:1800+30"]

1. e4 {[%emt 0:00:30]} e5 {[%emt 0:10:30]} 2. Nf3 {[%emt 0:00:30]} Nc6 {[%emt 0:00:00]} 3. Bb5 {[%emt 0:00:00]} a6 {[%emt 0:00:00]} 4. Ba4 {[%emt 0:01:00]} b5 {[%emt 0:00:00]} 5. Bb3 {[%emt 0:00:00]} g6 {[%emt 0:00:00]} 6. d4 {[%emt 0:17:00]} exd4 {[%emt 0:05:30]} 7. Nxd4 {[%emt 0:02:30]} Na5 {[%emt 0:01:30]} 8. a4 {[%emt 0:50:30] LiveBook: 5 Games} Nxb3 {[%emt 0:12:30]} 9. Nxb3 {[%emt 0:00:30]} bxa4 {[%emt 0:14:30]} 10. Rxa4 $14 {[%emt 0:02:30]} Bg7 {[%emt 0:01:30]} 11. Nc3 {[%emt 0:02:47]} d6 {[%emt 0:09:30]} 12. Nd5 {[%emt 0:03:48]} Bd7 {[%emt 0:03:30]} 13. Rc4 {[%emt 0:00:15]} Rc8 {[%emt 0:00:30]} 14. Na5 {[%emt 0:00:05]} Bb5 {[%emt 0:00:30]} 15. Rb4 {[%emt 0:10:58]} c5 {[%emt 0:06:30]} 16. Nb7 {[%emt 0:00:13]} Qd7 {[%emt 0:00:30]} 17. Nb6 {[%emt 0:01:49]} Qxb7 {[%emt 0:00:30]} 18. Nxc8 {[%emt 0:00:23]} Qxc8 {[%emt 0:00:00]} 19. Rb3 {[%emt 0:00:06]} Qc7 {[%emt 0:04:00]} 20. Bf4 {[%emt 0:00:41]} Be5 {[%emt 0:00:30]} 21. Bxe5 {[%emt 0:01:45]} dxe5 {[%emt 0:00:00]} 22. Rc3 {[%emt 0:00:19]} Nf6 {[%emt 0:02:00]} 23. Qf3 {[%emt 0:01:08]} Qc6 {[%emt 0:00:30]} 24. Re3 {[%emt 0:00:48]} O-O {[%emt 0:00:30]} 25. Kd2 {[%emt 0:00:14]} Qe6 {[%emt 0:03:30]} 26. h3 {[%emt 0:01:49]} Bc6 {[%emt 0:00:30]} 27. Qe2 {[%emt 0:00:17]} Qa2 {[%emt 0:00:30]} 28. b3 {[%emt 0:00:47]} Qb2 {[%emt 0:01:30]} 29. Rd1 {[%emt 0:01:18]} 0-1

[Event "27th CRO-chT 1A-Men 2018"]
[Site "Biograd"]
[Date "2018.09.15"]
[Round "8.30"]
[White "Sale, Srdjan"]
[Black "Separovic, Tomislav"]
[Result "1-0"]
[WhiteElo "2428"]
[BlackElo "2153"]
[Annotator "TA"]
[PlyCount "81"]
[EventDate "2018.09.08"]
[EventType "team-tourn"]
[EventCountry "CRO"]
[SourceTitle "playchess.com"]
[Source "ChessBase"]
[SourceQuality "1"]

{[%evp 16,81,45,28,38,53,43,28,33,39,31,21,25,11,20,13,18,16,15,4,1,-11,-11,-18,-9,-19,-16,-40,-30,-37,0,-20,-35,-55,-69,-54,-29,-24,0,0,0,0,0,0,0,0,0,0,0,0,7,0,0,0,0,0,14,0,0,-6,145,147,211,165,146,117,618,497]} 1. e4 d5 2. exd5 Qxd5 3. Nc3 Qd6 4. d4 Nf6 5. Bc4 a6 6. Nf3 b5 7. Bd3 {B01: Scandinavian Defence} Bb7 8. O-O e6 9. Qe2 {LiveBook: 4 Games. White is slightly better.} Nbd7 10. a4 b4 11. Ne4 Nxe4 (11... Qd5 12. Nxf6+ Nxf6 13. c4 bxc3 14. bxc3 Be7 {1-0 (48) Savic,M (2587)-Milanovic,D (2594) Belgrade 2015}) 12. Bxe4 Bxe4 13. Qxe4 c6 14. Bf4 Qd5 15. Qd3 $146 Bd6 16. Bxd6 Qxd6 17. Rfe1 O-O 18. Ng5 {[%csl Gg5][%cal Rd3h7] [#]} Nf6 19. Re5 Rfd8 20. Nf3 a5 21. Qc4 Nd7 22. Rh5 Rdc8 23. Qd3 h6 24. Rd1 c5 25. Qe2 Qb6 26. h3 Nf6 27. Rxc5 Rxc5 28. dxc5 Qxc5 29. Ne5 Rc8 30. Rd2 Nd5 31. g3 Rc7 32. Qe4 Rc8 33. Kg2 Qc7 34. Kh2 Nf6 35. Qe2 Nd5 36. Nf3 Qc6 37. Nd4 Qc7 $2 {[#]} (37... Qb7 $11) 38. Nxe6 $1 $16 Qc6 (38... Qe7 $16) 39. Nd4 Qf6 40. Qb5 Qd6 $2 {[%mdl 8192]} (40... Nb6 $16) 41. Nf5 {Precision: White = 58%, Black = 50%.} 1-0

[Event "27th CRO-chT 1A-Men 2018"]
[Site "Biograd"]
[Date "2018.09.19"]
[Round "9.1"]
[White "Inarkiev, Ernesto"]
[Black "Ponkratov, Pavel"]
[Result "1/2-1/2"]
[WhiteElo "2679"]
[BlackElo "2622"]
[Annotator "TA"]
[PlyCount "96"]
[EventDate "2018.09.08"]
[EventType "team-tourn"]
[EventCountry "CRO"]
[SourceTitle "playchess.com"]
[Source "ChessBase"]
[SourceQuality "1"]

{[%evp 21,96,0,35,9,10,6,14,7,2,0,0,2,8,4,20,20,20,21,25,17,16,19,54,16,16,8,43,4,4,2,4,4,4,4,12,6,64,64,59,59,64,49,49,50,54,32,28,27,77,77,77,77,77,77,77,15,77,49,49,49,49,49,77,0,77,77,77,56,77,77,84,56,57,57,84,0,84]} 1. d4 Nf6 2. c4 g6 3. Nf3 Bg7 4. g3 O-O 5. Bg2 c6 6. O-O d5 7. Qb3 a5 {[%cal Ba7a5,Ba5a4][%mdl 32]} 8. cxd5 {D78: Fianchetto Grünfeld: 6 0-0 c6} (8. Rd1 a4 9. Qb4 Re8 10. Na3 e6 11. Bf4 Nbd7 12. Rac1 Ne4 13. Ne5 Bf8 14. Qe1 Nxe5 15. Bxe5 f6 16. Bf4 Nd6 17. h4 Bd7 18. Qc3 f5 19. Bg5 Qa5 20. Qxa5 Rxa5 21. Bd2 Raa8 {½-½ (21) Cheparinov,I (2710)-Ding,L (2777) Riadh 2017}) 8... a4 9. Qd1 cxd5 10. Nc3 Qa5 11. Bd2 Qa6 {LiveBook: 3 Games} 12. b3 $146 ({Predecessor:} 12. Ne5 e6 13. f4 Bd7 14. e3 Bb5 15. Nxb5 Qxb5 {½-½ (30) Predojevic,B (2640)-Pinter,E (2379) Austria 2016}) 12... axb3 13. axb3 Qxa1 14. Qxa1 Rxa1 15. Rxa1 Nc6 16. e3 Bf5 17. Ne5 Nxe5 (17... Rc8 {keeps more tension.} 18. g4 Nxg4 19. Nxg4 Bxg4 20. Nxd5 Rd8) 18. dxe5 Ne4 19. Nxe4 dxe4 20. Bc3 h5 21. h3 Rd8 22. b4 Rd3 23. Rc1 b5 24. Rc2 Rd1+ 25. Kh2 Rd5 26. g4 hxg4 27. hxg4 Bxg4 28. Bxe4 Bxe5+ (28... Bf5 $11 29. Bxd5 Bxc2) 29. Kg2 $14 Bxc3 30. Bxd5 Bxb4 {[%mdl 4096] Endgame KRB-KB} 31. Rb2 Bd6 32. Rxb5 Kg7 33. f4 f5 34. Ra5 Kf6 35. Ra8 Bh5 36. Rf8+ Kg7 37. Rc8 Kf6 38. Kf2 (38. Bb3 $16) 38... Bb4 (38... e5 $1 $11 {remains equal.}) 39. Kg3 Be1+ 40. Kh3 {Strongly threatening Rf8+.} Bg4+ 41. Kg2 {And now Rf8+ would win.} Bb4 42. Kf2 Bh5 $1 43. Rf8+ Kg7 44. Rb8 Bc5 45. Rc8 Bb4 46. Kg3 Be1+ 47. Kg2 Bb4 48. Kf2 Kf6 $1 {Precision: White = 39%, Black = 57%.} 1/2-1/2

[Event "27th CRO-chT 1A-Men 2018"]
[Site "Biograd"]
[Date "2018.09.19"]
[Round "9.2"]
[White "Predke, Alexandr"]
[Black "Romanov, Evgeny"]
[Result "1-0"]
[WhiteElo "2612"]
[BlackElo "2611"]
[Annotator "TA"]
[PlyCount "115"]
[EventDate "2018.09.08"]
[EventType "team-tourn"]
[EventCountry "CRO"]
[SourceTitle "playchess.com"]
[Source "ChessBase"]
[SourceQuality "1"]

{[%evp 21,115,14,27,21,32,15,29,25,185,178,178,165,191,170,243,241,238,235,234,213,239,233,214,185,217,192,241,242,241,240,220,143,287,298,308,314,282,303,315,265,305,306,273,252,250,247,234,242,295,293,281,232,242,242,232,216,348,348,395,395,395,393,441,441,441,441,441,427,450,449,556,441,441,425,441,441,441,441,441,431,600,564,747,745,728,739,739,740,739,697,739,739,722,720,695,695]} 1. d4 d5 2. c4 e6 3. Nf3 Nf6 4. Bg5 Be7 5. e3 Nbd7 6. Nc3 h6 7. Bh4 O-O 8. Rc1 b6 9. cxd5 exd5 10. Be2 Bb7 11. O-O Re8 {LiveBook: 5 Games. D63: Queen's Gambit Declined: Classical: 7 Rc1} 12. Bg3 {White wants to play Nb5.} a6 13. Qb3 $146 ({Predecessor:} 13. Ne5 Bd6 14. f4 c5 15. Bh4 Be7 16. Bf3 cxd4 17. exd4 Ne4 18. Bxe7 Rxe7 19. Qd3 {0-1 (75) Portisch,L (2615)-Ljubojevic,L (2625) Szirak 1987}) 13... Rc8 {The position is equal.} 14. Ne5 Bd6 $2 (14... c5 $11) 15. Bxa6 $1 $18 Bxa6 16. Nc6 {Strongly threatening Rfd1.} Bxf1 ({Much worse is} 16... Bc4 17. Qd1) 17. Rxf1 {[#]} ({Inferior is} 17. Kxf1 Nc5 $1 $11 {[%mdl 512]}) ({And not} 17. Nxd8 Bc4 $17) 17... Bxg3 (17... Nc5 $1 {was necessary.} 18. dxc5 Qd7 19. cxd6 Qxc6) 18. Nxd8 Bxf2+ 19. Rxf2 Rcxd8 20. Nxd5 Nxd5 21. Qxd5 Nf6 22. Qc6 Nd5 23. Rf3 Re6 24. Qc2 c6 25. e4 Ne7 26. Qf2 f6 (26... c5 $16) 27. Qe3 b5 28. Qb3 Rdd6 29. Re3 Kf7 30. Qc3 f5 31. exf5 Nxf5 32. Rxe6 Kxe6 {[%mdl 4096] Endgame KQ-KRN} 33. Qe1+ Kd7 34. Qf2 Ke6 35. Qe2+ Kd7 36. Qf3 g6 37. g4 Ne7 38. Qa3 g5 (38... Nd5 $142 39. Qa7+ Kc8) 39. Qa7+ Kd8 40. b3 Nd5 41. a4 bxa4 42. bxa4 {White is clearly winning.} Nc7 43. Qb8+ Kd7 44. Qh8 Na6 45. Qg7+ Kc8 46. Qe5 Kd7 47. Qf5+ Kc7 48. Qa5+ Kb7 49. Qe5 Kc7 50. Kg2 Nb8 51. Qa5+ Kb7 52. Qb4+ Kc7 53. a5 {[%cal Ba4a5,Ba5a6][%mdl 32]} Rd5 54. Qb6+ Kc8 55. a6 {White threatens a7 and mate.} Rb5 56. Qa7 Nd7 57. Qa8+ Kc7 58. Qh8 {Precision: White = 89%, Black = 42%.} 1-0

[Event "27th CRO-chT 1A-Men 2018"]
[Site "Biograd"]
[Date "2018.09.16"]
[Round "9.3"]
[White "Lalic, Bogdan"]
[Black "Martinovic, Sasa"]
[Result "1/2-1/2"]
[WhiteElo "2403"]
[BlackElo "2567"]
[Annotator "TA"]
[PlyCount "48"]
[EventDate "2018.09.08"]
[EventType "team-tourn"]
[EventCountry "CRO"]
[SourceTitle "playchess.com"]
[Source "ChessBase"]
[SourceQuality "1"]

{[%evp 26,48,23,0,6,0,12,-42,-28,-42,-12,-13,-10,-12,36,22,23,20,38,37,82,65,78,73,62]} 1. d4 Nf6 2. c4 e6 3. Nf3 d5 4. Nc3 Nbd7 5. cxd5 exd5 6. Bg5 c6 7. e3 Be7 8. Qc2 Nh5 9. Bxe7 Qxe7 10. O-O-O Nb6 11. h3 Nf6 12. Bd3 Be6 13. Kb1 {D36: Queen's Gambit Declined: Exchange Variation: Main line (5 Bg5 c6 6 Qc2)} O-O-O 14. Ne5 {LiveBook: 4 Games} Nfd7 15. f4 {The position is equal.} g6 {[#]} 16. g4 $146 ({White should play} 16. Nf3 $11) ({Predecessor:} 16. Nf3 Kb8 17. g4 f6 18. Rhe1 Rhe8 {1-0 (37) Korobov,A (2660)-Dreev,A (2710) Warsaw 2011}) 16... Nxe5 $15 17. dxe5 Kb8 18. Qh2 Ka8 19. Qg3 f5 20. gxf5 gxf5 21. Rhg1 Rhg8 22. Qf2 Nd7 23. Rxg8 Rxg8 24. Ne2 c5 {Precision: White = 58%, Black = 55%.} 1/2-1/2

[Event "27th CRO-chT 1A-Men 2018"]
[Site "Biograd"]
[Date "2018.09.18"]
[Round "9.4"]
[White "Cvitan, Ognjen"]
[Black "Plenkovic, Zdenko"]
[Result "1-0"]
[WhiteElo "2489"]
[BlackElo "2418"]
[Annotator "TA"]
[PlyCount "61"]
[EventDate "2018.09.08"]
[EventType "team-tourn"]
[EventCountry "CRO"]
[SourceTitle "playchess.com"]
[Source "ChessBase"]
[SourceQuality "1"]

{[%evp 28,61,25,28,28,25,51,46,59,69,71,37,50,29,42,32,68,40,70,32,79,12,14,18,254,256,639,614,638,574,607,591,572,470,848,465]} 1. d4 Nf6 2. Nf3 g6 3. c4 Bg7 4. Nc3 O-O 5. e4 d6 6. Be2 e5 7. O-O exd4 8. Nxd4 Re8 9. f3 Nc6 10. Be3 Nh5 11. f4 Nf6 12. Bf3 Bg4 13. Nxc6 Bxf3 14. Qxf3 bxc6 15. Rae1 Qc8 {E94: King's Indian: Classical: 6 Be2 e5 7 0-0: Various Black 7th moves} (15... Qb8 16. b3 Qb4 17. Bd4 Nd7 18. Bxg7 Qc5+ 19. Kh1 Kxg7 20. Na4 Qa5 21. e5 Re7 22. Qxc6 Rae8 23. Rd1 {1-0 (39) Saric,A (2529)-Plenkovic,Z (2413) Split 2014}) 16. Bd4 Qe6 17. b3 Nd7 {White is slightly better.} 18. Bxg7 Kxg7 19. Qf2 $146 ({Predecessor:} 19. Ne2 c5 20. Nc3 Qf6 21. Re3 Qd8 22. Qf2 Rc8 23. f5 Ne5 24. Qf4 h5 25. Nd5 {1-0 (25) Aalderink,G-Vaassen,J LSS email 2006}) 19... Kg8 20. Qg3 Qe7 21. Kh1 f6 22. Qf3 Qe6 23. h3 (23. e5 $5) 23... Re7 24. Re2 (24. e5 $16 dxe5 25. f5 gxf5 26. Qxf5) 24... a5 25. Rfe1 {Hoping for Nd5!} g5 $2 {[#]} (25... Nc5 $11 {and Black is okay.}) 26. Nd5 $1 $18 {[%mdl 512] Strongly threatening e5.} Nb6 $2 (26... gxf4 27. Qxf4 Qe5) (26... cxd5 27. exd5) 27. Nxe7+ {White is clearly winning.} Qxe7 28. e5 fxe5 29. fxe5 d5 30. Rf2 a4 (30... Rf8 $142 31. Qxf8+ Qxf8 32. Rxf8+ Kxf8 33. cxd5 cxd5) 31. Qf6 {Precision: White = 52%, Black = 19%.} 1-0

[Event "27th CRO-chT 1A-Men 2018"]
[Site "Biograd"]
[Date "2018.09.18"]
[Round "9.5"]
[White "Loncar, Robert"]
[Black "Kurajica, Bojan"]
[Result "1/2-1/2"]
[WhiteElo "2409"]
[BlackElo "2526"]
[Annotator "TA"]
[PlyCount "140"]
[EventDate "2018.09.08"]
[EventType "team-tourn"]
[EventCountry "CRO"]
[SourceTitle "playchess.com"]
[Source "ChessBase"]
[SourceQuality "1"]

{[%evp 12,140,32,42,52,52,59,55,75,56,64,57,64,42,39,39,53,43,49,44,49,34,32,40,62,64,72,51,79,84,100,93,187,151,160,162,158,163,160,165,170,165,170,161,158,142,171,180,179,0,0,0,0,0,183,184,160,172,210,184,165,166,167,116,98,102,168,105,159,127,170,124,122,121,112,69,87,87,80,75,90,48,111,58,92,92,92,92,92,92,92,92,92,92,92,92,92,92,92,92,92,61,61,0,92,92,92,92,92,92,92,92,92,92,92,92,92,92,92,92,92,92,92,92,92,92,92,92,92,92,92]} 1. d4 Nf6 2. c4 e6 3. Nc3 Bb4 4. Nf3 d6 5. Qc2 Nbd7 6. g3 c5 {E32: Nimzo-Indian: Classical (4 Qc2): 4...0-0} (6... b6 7. Bg2 Bb7 8. O-O Bxc3 9. Qxc3 O-O 10. Rd1 Qe8 11. b3 Ne4 12. Qc2 Nef6 13. Bb2 Be4 14. Qc3 a5 15. a3 Qe7 16. Bf1 h6 17. Nd2 Bb7 {1-0 (54) Mamedyarov,S (2808)-Karjakin,S (2782) Leuven 2018}) 7. Bg2 {LiveBook: 3 Games} cxd4 8. Nxd4 Qc7 $146 {White is slightly better.} ({Predecessor:} 8... Qb6 9. Nb3 d5 10. a3 Bxc3+ 11. Qxc3 Qc7 12. Bd2 O-O 13. cxd5 Qxc3 14. Bxc3 exd5 {1-0 (32) Kuljasevic,D (2549)-Kurajica,B (2509) Mali Losinj 2017}) 9. O-O O-O 10. b3 a6 $1 11. Bb2 Bc5 12. Qd2 Ne5 13. Rfd1 Bd7 14. e3 Rac8 15. Rac1 Qb8 16. Ne4 Nxe4 17. Bxe4 f5 18. Bg2 Rf7 19. Rc2 Ng4 20. Nf3 h6 21. Rcc1 Rc6 (21... Rd8 $16) 22. Ne1 Rc8 23. b4 Bb6 24. Qxd6 Bc7 25. Qd3 Ba4 26. Rd2 Rd8 27. Qe2 Rxd2 28. Qxd2 Rd7 {[#]} 29. Qe2 $1 Qd8 {...Rd2 is the strong threat.} 30. Nf3 $2 (30. Bd4 $18) 30... Bd1 $1 $11 {[%cal Rd1e2]} 31. Qe1 {Threatens to win with Nd4.} Bxf3 $1 32. Bxf3 Ne5 $2 (32... Nxf2 $1 $11 33. Qxf2 Rd2) 33. Bxe5 $18 ({But not} 33. Bxb7 $2 Nd3 $19) 33... Bxe5 34. c5 Kh7 35. h4 g5 36. hxg5 hxg5 37. g4 (37. a4 $18) 37... Kg7 $16 38. Qf1 Rc7 (38... Rd2 $16) 39. Qg2 ({White should play} 39. Rd1 $18 Qf6 40. Qg2) 39... Qe7 (39... f4 $142) 40. Rd1 Kf6 41. Qh3 Qh7 42. Qxh7 Rxh7 {[%mdl 4096] Endgame KRB-KRB} 43. a4 fxg4 44. Bxg4 Rh4 45. f3 {aiming for Rd7.} Rh7 46. a5 Rc7 (46... Bc3 $14) 47. Rd3 ({Better is} 47. Rc1 $16) 47... Ke7 48. Kf1 Rd7 49. Ke2 Rxd3 50. Kxd3 {Hoping for f4! KB-KB} Kd7 51. Bh3 Bg3 52. Kc4 Bf2 {[#]} 53. e4 $1 Be1 54. Bf1 e5 55. Bd3 Kc7 56. Bc2 Bd2 57. Bd3 Be1 $1 58. b5 {White is better.} axb5+ 59. Kxb5 Bf2 60. Bc4 Be3 61. Bd5 Bf2 62. c6 bxc6+ 63. Bxc6 Kb8 64. Kc4 Ka7 65. Kd5 Bg3 66. Bb5 Bf4 67. Ke6 Kb7 68. a6+ Ka7 69. Kf6 Kb6 70. Kf5 Ka7 {Precision: White = 70%, Black = 61%.} 1/2-1/2

[Event "27th CRO-chT 1A-Men 2018"]
[Site "Biograd"]
[Date "2018.09.18"]
[Round "9.6"]
[White "Rogic, Davor"]
[Black "Sale, Srdjan"]
[Result "1-0"]
[WhiteElo "2519"]
[BlackElo "2428"]
[Annotator "TA"]
[PlyCount "73"]
[EventDate "2018.09.08"]
[EventType "team-tourn"]
[EventCountry "CRO"]
[SourceTitle "playchess.com"]
[Source "ChessBase"]
[SourceQuality "1"]

{[%evp 16,73,49,33,48,33,85,67,130,118,122,103,120,131,248,249,254,261,427,439,428,431,480,406,404,404,404,404,404,404,404,404,404,402,379,382,377,386,378,387,413,419,416,406,513,507,522,527,521,511,504,495,629,446,5808,5397,1208,1200,29988,997]} 1. e4 {Erenburg,S} c5 2. Nf3 Nc6 3. d4 cxd4 4. Nxd4 Qb6 5. Nb3 Nf6 6. Bd3 e6 7. O-O d6 {B32: Sizilianisch (Löwenthal-Variante)} (7... Qc7 8. c4 Ne5 9. Nc3 d6 10. Bf4 a6 11. Rc1 b6 12. Bg3 Bb7 13. f4 Nxd3 14. Qxd3 Rc8 15. Qe3 {0-1 (31) Mista,A (2584)-Smirin,I (2676) Warsaw 2016}) 8. c4 Ne5 9. Nc3 {LiveBook: 3 Partien} Nxd3 {Weiß steht etwas besser.} 10. Qxd3 Bd7 $146 (10... Be7 $14) ({Vorgänger:} 10... a6 11. Bf4 Be7 12. Rad1 e5 13. c5 dxc5 14. Bxe5 O-O 15. Nd5 Nxd5 16. exd5 {½-½ (26) Efimenko,Z (2546)-Arzumanian,G (2418) Kramatorsk 2003 CBM 097 [Erenburg,S]}) 11. Bf4 h6 (11... Rc8 $14) 12. Rfd1 $16 e5 13. Be3 Qc7 14. Rac1 a6 {[#]} (14... b6 $16) 15. c5 $1 $18 {[%cal Rc5d6][%mdl 512]} dxc5 {[#]} 16. Nxc5 $1 {[%mdl 512]} Bxc5 $2 (16... Be7 {ist eine bessere Verteidigung.} 17. Nd5 Nxd5 18. exd5 (18. Qxd5 Bc6 $16) 18... Qd6 19. Nxb7 Qg6 20. Qxg6 fxg6) 17. Bxc5 Qxc5 18. Nd5 Bb5 {Droht stark ...Dxc1.} 19. Rxc5 {Beabsichtigt Sxf6+ und Matt.} Bxd3 20. Nc7+ (20. Rxd3 Nxd5 21. Rcxd5 (21. Rdxd5 O-O $14) 21... O-O $14) 20... Ke7 {Weiss muss nun ...Tad8 beachten.} 21. Nxa8 ({Weniger gut wäre} 21. Rxd3 Rhd8 $11) 21... Nxe4 22. Rc7+ Ke6 23. Rxd3 Rxa8 24. Rxb7 {[%mdl 4096] Endspiel KTT-KTS} Rc8 25. Rb6+ Ke7 26. Rd1 Rc2 27. Re1 f6 28. f4 {[%cal Bf2f4,Bf4e5][%mdl 32]} f5 29. fxe5 h5 30. h4 a5 31. Rf1 Ng3 32. Rf3 f4 {( -> ...Tc1+)} 33. Kh2 Nf5 34. Rc3 Re2 (34... Rxc3 $142 35. bxc3 Nxh4 36. Rb7+ Ke6 37. Rxg7 f3 38. gxf3 Nxf3+ 39. Kg3 Nxe5) 35. Rc7+ Kd8 36. Rf7 {[%cal Rb6b8]} Ne7 37. Rb8+ {Precision: Weiß = 79%, Schwarz = 33%.} (37. Rb7 $142 Kc8 38. Rbxe7 Rd2 39. Ra7 Kb8 40. Rad7 Rxd7 41. Rxd7 Kc8 42. e6) 1-0

[Event "27th CRO-chT 1A-Men 2018"]
[Site "Biograd"]
[Date "2018.09.19"]
[Round "9.7"]
[White "Malakhov, Vladimir"]
[Black "Abasov, Nijat"]
[Result "1-0"]
[WhiteElo "2666"]
[BlackElo "2632"]
[Annotator "TA"]
[PlyCount "81"]
[EventDate "2018.09.08"]
[EventType "team-tourn"]
[EventCountry "CRO"]
[SourceTitle "playchess.com"]
[Source "ChessBase"]
[SourceQuality "1"]

{[%evp 21,81,0,0,0,0,0,2,0,48,45,52,37,58,61,58,53,53,52,77,75,88,85,127,125,124,118,142,142,146,145,145,95,159,153,160,153,156,195,164,154,163,164,170,154,180,168,232,232,212,215,218,209,219,197,330,353,601,567,1131,754,747,732]} 1. Nf3 c5 2. c4 Nc6 3. d4 cxd4 4. Nxd4 Nf6 5. Nc3 e6 6. a3 Bc5 {[%cal Bf8c5,Bc5b6,Bb6c7,Bc7e5][%mdl 32]} 7. Nb3 {A33: Symmetrical English: 2 Nf3 Nf6 3 d4 cxd4 4 Nxd4 e6 5 Nc3 Nc6} Bb6 8. c5 Bc7 9. g3 O-O 10. Bg2 b6 11. O-O Be5 {LiveBook: 6 Games} 12. Be3 Rb8 13. Rc1 Ng4 14. Bd2 bxc5 15. Nxc5 {[#]} Rxb2 $146 16. Nd3 Bxc3 17. Bxc3 Rb6 18. Qa4 {[%mdl 1024] White has compensation.} Nf6 19. Rfd1 Ra6 20. Qc2 Rb6 21. Nb4 Bb7 22. Bxc6 Bxc6 {[#]} 23. Bd4 $1 $36 {[%mdl 2048] White has strong initiative.} Rxb4 24. axb4 a6 25. Qb2 Bb5 26. e4 Re8 (26... Nxe4 $142 27. Bxg7 Re8) 27. f3 Qe7 28. Rc5 d6 29. Bxf6 $1 gxf6 30. Rcc1 Rd8 31. Kg2 Kg7 32. Qc3 Rd7 33. Rd4 Qd8 (33... h5 $142 34. Qe3 Rd8) 34. Qd2 $18 e5 35. Rd5 Ba4 36. g4 h6 37. Rc3 Bb5 (37... Qb8 {was necessary.} 38. Rc1 Bb3) 38. f4 exf4 $2 (38... Rc7 39. Rxd6 Qxd6 40. Qxd6 Rxc3 41. fxe5 Rc2+ 42. Kf3 fxe5 43. Qxe5+ Kg8) 39. Qxf4 {White is clearly winning.} Rc7 {[#]} 40. Rh5 $1 {[%mdl 512]} Kf8 {[#]} 41. Rxh6 $1 {[%mdl 512] Precision: White = 89%, Black = 59%.} 1-0